| 000 | 00888nam a2200241 i 4500 | ||
|---|---|---|---|
| 001 | 23368 | ||
| 003 | ES-MaACL | ||
| 005 | 20230906152847.0 | ||
| 007 | t| | ||
| 008 | 021210s1985 sp ||||1| spa d | ||
| 020 | _a84-86207-14-2 | ||
| 100 | 1 |
_aAlvarez y Baena, José Antonio. _921002 |
|
| 245 | 1 | 0 |
_aCompendio histórico de las grandezas de la coronada villa de Madrid, Corte de la monarquía de España / _cpor José Antonio Alvarez y Baena, vecino natural de ella. |
| 260 |
_a[Madrid : _bEl Museo Universal, _c1985] |
||
| 300 |
_a294 p. ; _c20 cm. |
||
| 500 | _aReprod. facs. de la ed. de : Madrid : Antonio de Sancha, 1786. | ||
| 651 | 4 |
_aMadrid- _xHistoria. _98963 |
|
| 651 |
_aMadrid- _xDescripción- _vObras anteriores a 1800. _9160901 |
||
| 655 | 7 |
_2tgfbne _9226495 _aFacsímiles |
|
| 852 |
_aES-MaACL _jL-8617 _bR.108614 |
||
| 942 | _2udc | ||
| 999 |
_c23368 _d23368 |
||